[Event "Adelboden op 8th"]
[Site "Adelboden"]
[Date "2021.12.11"]
[Round "2"]
[White "Bugmann, Sandro"]
[Black "Elhamdi, Firas"]
[Result "1-0"]
[WhiteElo "1134"]
[BlackElo "1523"]
[PlyCount "53"]
[EventDate "2021.12.10"]
[EventType "swiss"]
[EventRounds "5"]
[EventCountry "SUI"]
[SourceTitle "CBM 205 Extra"]
[Source "ChessBase"]
[SourceDate "2022.01.31"]
[SourceVersion "1"]
[SourceVersionDate "2022.01.31"]
[SourceQuality "1"]

1. d4 e6 2. c4 d5 3. Nf3 Nc6 4. Nc3 Bb4 5. Bd2 dxc4 6. e3 Bxc3 7. Bxc3 b5 8. d5 Nf6 9. dxc6 Qe7 10. a3 0-0 11. Bb4 Qe8 12. Bxf8 Qxf8 13. Ne5 a5 14. b3 Qc5 15. Qd8+ Qf8 16. Qxf8+ Kxf8 17. bxc4 bxc4 18. Bxc4 Ke7 19. Bb5 Ne8 20. 0-0 Nd6 21. a4 f6 22. Nc4 Nxb5 23. axb5 a4 24. b6 cxb6 25. Nxb6 Rb8 26. Nxc8+ Rxc8 27. Rfc1 1-0